| 000 | 00879nac a22002411i 4500 | ||
|---|---|---|---|
| 003 | EG-ScBUE | ||
| 005 | 20240922113747.0 | ||
| 008 | 240922s1964 nyu f 001 0 eng d | ||
| 040 |
_aEG-ScBUE _beng _erda _cEG-ScBUE _dEG-ScBUE |
||
| 082 | 0 | 4 |
_a512.8 _bBÔC _222 |
| 100 | 1 |
_aBôcher, Maxime, _d1867-1918, _eauthor. |
|
| 245 | 1 | 0 |
_aIntroduction to higher algebra / _cby Maxime Bôcher ; prepared for publication with the coorperation of E.P.R. Duval, instructor in mathematics in the University of Wisconsin. |
| 264 | 1 |
_aNew York : _bDover Publications, Inc., _c1964. |
|
| 300 |
_axi, 321 pages ; _c22 cm |
||
| 336 |
_2rdacontent _atext _btxt |
||
| 337 |
_aunmediated _2rdamedia _bn |
||
| 338 |
_avolume _bnc _2rdacarrier |
||
| 500 | _aIncludes index. | ||
| 650 | 7 |
_aAlgebra. _2BUEsh |
|
| 655 | _vReading book | ||
| 942 |
_cBB _2ddc |
||
| 999 |
_c1813 _d1813 |
||